[Event "Ile et Vilaine op"]
[White "Collet, Davy"]
[Black "Charpentier, Maxime"]
[Site "Rennes"]
[Round "5"]
[Result "1-0"]
[Date "2011.06.13"]
[WhiteElo "1796"]
[BlackElo "1824"]
[PlyCount "55"]
[EventDate "2011.06.11"]
[EventType "swiss"]
[EventRounds "7"]
[EventCountry "FRA"]
[SourceTitle "EXT 2012"]
[Source "ChessBase"]
[SourceDate "2011.11.24"]
[SourceVersion "1"]
[SourceVersionDate "2011.11.24"]
[SourceQuality "1"]

1. e4 d5 2. exd5 Nf6 3. d4 Nxd5 4. Nf3 Nc6 5. c4 Nb6 6. Nc3 Bg4 7. Be3 Bxf3 8. Qxf3 Nxd4 9. Bxd4 Qxd4 10. Qxb7 Qe5+ 11. Be2 e6 12. Qc6+ Kd8 13. 0-0-0+ Bd6 14. c5 Ke7 15. cxd6+ cxd6 16. Qc7+ Nd7 17. Bb5 Rhd8 18. Bxd7 Rxd7 19. Qc6 Rb8 20. Rhe1 Qf4+ 21. Kc2 Qxf2+ 22. Re2 Qf5+ 23. Qe4 Qa5 24. Qxh7 Rc7 25. Qxg7 Qxa2 26. Kd3 Qc4+ 27. Ke3 Qf4+ 28. Kxf4 1-0

[Event "Ile et Vilaine op"]
[White "Collet, Davy"]
[Black "Castel, Efflam"]
[Site "Rennes"]
[Round "1"]
[Result "0-1"]
[Date "2011.06.11"]
[WhiteElo "1796"]
[BlackElo "1922"]
[PlyCount "94"]
[EventDate "2011.06.11"]
[EventType "swiss"]
[EventRounds "7"]
[EventCountry "FRA"]
[SourceTitle "EXT 2012"]
[Source "ChessBase"]
[SourceDate "2011.11.24"]
[SourceVersion "1"]
[SourceVersionDate "2011.11.24"]
[SourceQuality "1"]

1. e4 d5 2. exd5 Nf6 3. d4 Nxd5 4. Nf3 Bg4 5. Be2 Nc6 6. c4 Nb6 7. b3 Bxf3 8. Bxf3 Nxd4 9. Bxb7 Rb8 10. Bb2 e5 11. Bxd4 Qxd4 12. Bc6+ Nd7 13. 0-0 Rb6 14. Bxd7+ Qxd7 15. Qxd7+ Kxd7 16. Nc3 c6 17. Rfd1+ Kc7 18. Rd3 Be7 19. Rad1 Rd8 20. Kf1 Rbb8 21. Ke2 Rxd3 22. Rxd3 Rd8 23. Rf3 f6 24. Rh3 Bb4 25. Nb1 h6 26. Rg3 Rd7 27. a3 Bd6 28. Rc3 e4 29. h3 Be5 30. Rc2 f5 31. Rd2 Rxd2+ 32. Nxd2 Bb2 33. a4 Kd6 34. f3 Bc3 35. Nb1 Bb4 36. Ke3 Ke5 37. f4+ Kd6 38. g4 g6 39. Kd4 Bc5+ 40. Kc3 Be3 41. gxf5 gxf5 42. b4 Bxf4 43. b5 cxb5 44. cxb5 Kc5 45. Na3 Be5+ 46. Kb3 f4 47. Nc2 f3 0-1

[Event "Ile et Vilaine op"]
[White "Dupitier, Mickael"]
[Black "Collet, Davy"]
[Site "Rennes"]
[Round "2"]
[Result "1/2-1/2"]
[Date "2011.06.11"]
[WhiteElo "1853"]
[BlackElo "1796"]
[PlyCount "64"]
[EventDate "2011.06.11"]
[EventType "swiss"]
[EventRounds "7"]
[EventCountry "FRA"]
[SourceTitle "EXT 2012"]
[Source "ChessBase"]
[SourceDate "2011.11.24"]
[SourceVersion "1"]
[SourceVersionDate "2011.11.24"]
[SourceQuality "1"]

1. d4 d5 2. Bf4 c6 3. e3 Nf6 4. c3 a6 5. Bd3 Bg4 6. f3 Bh5 7. Nd2 Bg6 8. e4 e6 9. Ne2 Be7 10. 0-0 0-0 11. Bg3 h6 12. Nf4 Bh7 13. e5 Nfd7 14. Bxh7+ Kxh7 15. b4 a5 16. a3 axb4 17. Qc2+ Kg8 18. axb4 Na6 19. Nd3 Nc7 20. Nb3 Nb5 21. Rxa8 Qxa8 22. Ra1 Qc8 23. Bf2 Qc7 24. Be3 Nb6 25. Nf4 Nc4 26. Bc1 b6 27. Nd3 Qb7 28. Bb2 Ra8 29. Qc1 Rxa1 30. Qxa1 Qa7 31. Kf2 Qxa1 32. Bxa1 g6 1/2-1/2

[Event "Rennes op 2nd"]
[White "Collet, Davy"]
[Black "Aubry, Yannis"]
[Site "Rennes"]
[Round "4"]
[Result "1/2-1/2"]
[Date "2009.07.18"]
[WhiteElo "1819"]
[BlackElo "1954"]
[PlyCount "69"]
[EventDate "2009.07.15"]
[EventType "swiss"]
[EventRounds "9"]
[EventCountry "FRA"]
[SourceTitle "EXT 2011"]
[Source "ChessBase"]
[SourceDate "2010.11.26"]
[SourceVersion "1"]
[SourceVersionDate "2010.11.26"]
[SourceQuality "1"]

1. d4 Nf6 2. Nf3 g6 3. c4 Bg7 4. Nc3 0-0 5. e4 d6 6. h3 e5 7. d5 Na6 8. Bg5 h6 9. Be3 Nd7 10. g4 f5 11. gxf5 gxf5 12. exf5 Ndc5 13. Rg1 Kh7 14. a3 Rg8 15. b4 e4 16. Ng5+ hxg5 17. Qh5+ Bh6 18. bxc5 Qf6 19. Kd2 Nxc5 20. Kc2 Bxf5 21. Rd1 Qg6 22. Qxg6+ Rxg6 23. Be2 a6 24. Bg4 Rf6 25. Bxf5+ Rxf5 26. Bxc5 dxc5 27. Nxe4 b6 28. Rg4 Rd8 29. Rd3 Kg6 30. a4 Rd7 31. Kd2 Rf8 32. Rdg3 Kh5 33. Rd3 Kg6 34. Rdg3 Kh5 35. Rd3 1/2-1/2

[Event "Rennes op 2nd"]
[White "Pozuelo, Jose"]
[Black "Collet, Davy"]
[Site "Rennes"]
[Round "3"]
[Result "1-0"]
[Date "2009.07.17"]
[WhiteElo "2080"]
[BlackElo "1819"]
[PlyCount "69"]
[EventDate "2009.07.15"]
[EventType "swiss"]
[EventRounds "9"]
[EventCountry "FRA"]
[SourceTitle "EXT 2011"]
[Source "ChessBase"]
[SourceDate "2010.11.26"]
[SourceVersion "1"]
[SourceVersionDate "2010.11.26"]
[SourceQuality "1"]

1. e4 c5 2. Nc3 Nc6 3. g3 g6 4. Bg2 Bg7 5. d3 d6 6. f4 e6 7. Nf3 Nge7 8. 0-0 0-0 9. Be3 Nd4 10. Bf2 Nec6 11. Qd2 Rb8 12. Nd1 Qc7 13. Nh4 Ne7 14. c3 Ndc6 15. g4 f5 16. gxf5 exf5 17. Kh1 b6 18. Bg3 Bb7 19. Ne3 Nd8 20. Rae1 Nf7 21. exf5 Bxg2+ 22. Qxg2 Nh6 23. fxg6 hxg6 24. Nd5 Nxd5 25. Qxd5+ Kh7 26. Re6 Rf6 27. Rfe1 Qb7 28. Qxb7 Rxb7 29. Re8 Nf5 30. Nf3 Bh6 31. Kg2 Nxg3 32. hxg3 Rf8 33. R8e6 Rd7 34. Rh1 Rdf7 35. Ng5+ 1-0

[Event "Rennes op 2nd"]
[White "Collet, Davy"]
[Black "Siclet, Mathieu"]
[Site "Rennes"]
[Round "2"]
[Result "1-0"]
[Date "2009.07.16"]
[WhiteElo "1819"]
[BlackElo "1816"]
[PlyCount "61"]
[EventDate "2009.07.15"]
[EventType "swiss"]
[EventRounds "9"]
[EventCountry "FRA"]
[SourceTitle "EXT 2011"]
[Source "ChessBase"]
[SourceDate "2010.11.26"]
[SourceVersion "1"]
[SourceVersionDate "2010.11.26"]
[SourceQuality "1"]

1. d4 Nf6 2. Nf3 e6 3. e3 b6 4. Bd3 Bb7 5. Nbd2 Be7 6. 0-0 0-0 7. e4 d6 8. c3 Nbd7 9. Qe2 c5 10. e5 Ne8 11. Ne4 h6 12. Bf4 Nb8 13. exd6 Bxd6 14. Nxd6 Nxd6 15. dxc5 bxc5 16. Rfd1 Kh8 17. Bc4 Qf6 18. Bxd6 Rc8 19. Be5 Qe7 20. Bxb8 Raxb8 21. Ba6 Rc6 22. Bxb7 Rxb7 23. Ne5 Rcc7 24. Rd2 Kh7 25. Rad1 g6 26. Qe3 f6 27. Ng4 g5 28. f4 h5 29. Nf2 g4 30. Re1 Rc6 31. Qe4+ 1-0

[Event "FRA-chT3 Gr06 0607"]
[White "Collet, Davy"]
[Black "Bignon, Anne Tifenn"]
[Site "France"]
[Round "8.8"]
[Result "1-0"]
[Date "2007.03.31"]
[WhiteElo "1786"]
[BlackElo "1620"]
[PlyCount "43"]
[EventDate "2006.10.15"]
[EventType "team-tourn"]
[EventRounds "9"]
[EventCountry "FRA"]
[SourceTitle "EXT 2008"]
[Source "ChessBase"]
[SourceDate "2007.11.25"]
[SourceVersion "1"]
[SourceVersionDate "2007.11.25"]
[SourceQuality "1"]
[WhiteTeam "Rennes Paul Bert II"]
[BlackTeam "Arradon"]
[WhiteTeamCountry "FRA"]
[BlackTeamCountry "FRA"]

1. d4 d5 2. c4 c6 3. Nc3 Nf6 4. e3 Nbd7 5. Nf3 e6 6. Qc2 Be7 7. Bd3 0-0 8. 0-0 b6 9. cxd5 cxd5 10. Ne5 Bd6 11. f4 g6 12. Nb5 Ne8 13. Qc6 Bxe5 14. Qxa8 Bg7 15. Qxa7 Nef6 16. Bd2 Re8 17. Rac1 Re7 18. Qa8 Re8 19. Nd6 Rf8 20. Rxc8 Qe7 21. Rxf8+ Bxf8 22. Nb5 1-0

[Event "Charleroi op 5th"]
[White "Collet, Davy"]
[Black "Wantiez, Fabrice"]
[Site "Charleroi"]
[Round "1"]
[Result "0-1"]
[Date "2006.07.29"]
[WhiteElo "1760"]
[BlackElo "2265"]
[PlyCount "110"]
[EventDate "2006.07.29"]
[EventType "swiss"]
[EventRounds "9"]
[EventCountry "BEL"]
[SourceTitle "CBM 113 Extra"]
[Source "ChessBase"]
[SourceDate "2006.09.14"]
[SourceVersion "1"]
[SourceVersionDate "2006.09.14"]
[SourceQuality "1"]

1. d4 Nf6 2. Bg5 e6 3. e4 h6 4. Bxf6 Qxf6 5. c3 e5 6. Nf3 Nc6 7. Bb5 Bd6 8. 0-0 g5 9. Bxc6 dxc6 10. dxe5 Bxe5 11. Nxe5 Qxe5 12. Qd4 Qxd4 13. cxd4 Be6 14. Nc3 0-0-0 15. Rfd1 f5 16. d5 cxd5 17. exd5 Bf7 18. Rac1 Kb8 19. b3 Rd7 20. Rd2 Rhd8 21. Rcd1 a6 22. b4 c6 23. d6 Bd5 24. b5 axb5 25. Nxb5 f4 26. f3 Bxa2 27. Rxa2 cxb5 28. Rb1 Rxd6 29. Rxb5 Rd1+ 30. Kf2 R8d2+ 31. Rxd2 Rxd2+ 32. Kf1 Kc7 33. h4 Kc6 34. Rf5 Rd5 35. Rf6+ Rd6 36. Rf5 b5 37. hxg5 hxg5 38. Rxg5 b4 39. Ke2 b3 40. Rh5 Kb6 41. Rh8 Kc5 42. Rc8+ Kb4 43. Rb8+ Kc3 44. Rc8+ Kb2 45. Rc7 Rd4 46. Rc8 Ka3 47. Ra8+ Ra4 48. Rd8 b2 49. Rd1 Ka2 50. Kf2 Rc4 51. Rd2 Kb3 52. Rxb2+ Kxb2 53. g4 Rc2+ 54. Kg1 Kc3 55. g5 Kd3 0-1

[Event "FRA-chT3 Gr5 "]
[White "Collet, Davy"]
[Black "Cloarec, Audrey"]
[Site "Bretagne"]
[Round "8.9"]
[Result "0-1"]
[Date "2006.??.??"]
[WhiteElo "1740"]
[BlackElo "1888"]
[PlyCount "48"]
[EventDate "2006.??.??"]
[EventType "team-tourn"]
[EventRounds "9"]
[EventCountry "FRA"]
[SourceTitle "EXT 2007"]
[Source "ChessBase"]
[SourceDate "2006.11.23"]
[SourceVersion "1"]
[SourceVersionDate "2006.11.23"]
[SourceQuality "1"]
[WhiteTeam "Rennes Paul Bert II"]
[BlackTeam "Guingamp II"]
[WhiteTeamCountry "FRA"]
[BlackTeamCountry "FRA"]

1. c4 e5 2. g3 d6 3. Bg2 g6 4. Nc3 f5 5. d3 Bg7 6. e4 Nc6 7. Nge2 Nf6 8. 0-0 0-0 9. exf5 Bxf5 10. d4 Rb8 11. Nd5 Nxd5 12. Bxd5+ Kh8 13. dxe5 Nxe5 14. Nd4 Qf6 15. Nxf5 Qxf5 16. f3 Qh3 17. Bf4 c6 18. Bxe5 Bxe5 19. Be4 Bxg3 20. hxg3 Qxg3+ 21. Kh1 Rf4 22. Qd4+ Kg8 23. Bd5+ cxd5 24. Qxd5+ Kg7 0-1

[Event "FRA-chT4 0405"]
[White "Collet, Davy"]
[Black "Le Clanche, Marcel"]
[Site "Bretagne"]
[Round "4"]
[Result "1-0"]
[Date "2005.01.09"]
[WhiteElo "1690"]
[BlackElo "1820"]
[PlyCount "119"]
[EventDate "2004.04.03"]
[EventType "team-tourn"]
[EventRounds "7"]
[EventCountry "FRA"]
[SourceTitle "EXT 2007"]
[Source "ChessBase"]
[SourceDate "2006.11.23"]
[SourceVersion "1"]
[SourceVersionDate "2006.11.23"]
[SourceQuality "1"]

1. c4 c5 2. g3 Nf6 3. Bg2 Nc6 4. Nc3 e6 5. Nf3 d5 6. cxd5 Nxd5 7. Nxd5 exd5 8. d4 cxd4 9. Nxd4 Bb4+ 10. Bd2 Qa5 11. Nb3 Bxd2+ 12. Qxd2 Qxd2+ 13. Nxd2 0-0 14. Bxd5 Nb4 15. Be4 f5 16. Bb1 Be6 17. a3 Nc6 18. Nf3 Rad8 19. Ba2 Rfe8 20. e3 Bd5 21. Ke2 Kf8 22. Bxd5 Rxd5 23. Rhd1 Rc5 24. Rac1 Rb5 25. Rc2 Re7 26. Nd4 Nxd4+ 27. Rxd4 Kf7 28. Rd6 Rb3 29. h4 g6 30. Kf3 Kg7 31. Rcd2 Kh6 32. R6d3 Rb5 33. Rc2 Rb6 34. Rd4 Rb3 35. Ke2 Rb5 36. a4 Rb3 37. Rd3 Rb4 38. b3 Kh5 39. Rc4 Rb6 40. b4 Rbe6 41. a5 Re5 42. Rdd4 R5e6 43. Rc5 b6 44. axb6 Rxb6 45. g4+ Kxh4 46. gxf5+ Kg5 47. f4+ Kf6 48. fxg6 hxg6 49. b5 Kf7 50. e4 Reb7 51. Rdd5 a6 52. bxa6 Rxa6 53. Ke3 Ra4 54. Rd3 Rbb4 55. Re5 Kf6 56. Kf3 Rc4 57. Rd6+ Kf7 58. Rde6 Rc3+ 59. Kg4 Raa3 60. Re7+ 1-0

[Event "FRA-chT4 0304"]
[White "Collet, Davy"]
[Black "Jolivel, Dominique"]
[Site "Bretagne"]
[Round "4"]
[Result "1/2-1/2"]
[Date "2004.01.18"]
[WhiteElo "1740"]
[BlackElo "1980"]
[PlyCount "44"]
[EventDate "2003.10.12"]
[EventType "team-tourn"]
[EventRounds "9"]
[EventCountry "FRA"]
[SourceTitle "EXT 2005"]
[Source "ChessBase"]
[SourceDate "2004.11.15"]
[SourceVersion "1"]
[SourceVersionDate "2004.11.15"]
[SourceQuality "1"]

1. c4 Nf6 2. g3 e5 3. Bg2 c6 4. d4 exd4 5. Qxd4 Be7 6. Nc3 0-0 7. Nf3 d5 8. cxd5 cxd5 9. 0-0 Nc6 10. Qa4 h6 11. Bf4 Nh5 12. Rad1 Be6 13. Be5 a6 14. Nxd5 Bxd5 15. e4 Nxe5 16. Nxe5 Nf6 17. exd5 Bd6 18. Ng4 Nxg4 19. Qxg4 Qf6 20. Rd2 Rab8 21. Rc1 g6 22. a3 Kg7 1/2-1/2

[Event "FRA-chT4 0203"]
[White "Collet, Davy"]
[Black "Trovalet, Sylvain"]
[Site "Bretagne"]
[Round "5"]
[Result "0-1"]
[Date "2003.02.02"]
[WhiteElo "1700"]
[BlackElo "2076"]
[PlyCount "40"]
[EventDate "2002.10.??"]
[EventType "team-tourn"]
[EventRounds "7"]
[EventCountry "FRA"]
[SourceTitle "EXT 2007"]
[Source "ChessBase"]
[SourceDate "2006.11.23"]
[SourceVersion "1"]
[SourceVersionDate "2006.11.23"]
[SourceQuality "1"]

1. c4 g6 2. g3 Bg7 3. Bg2 Nc6 4. Nc3 d6 5. d3 f5 6. Nf3 Nf6 7. 0-0 e5 8. e4 0-0 9. Bg5 Be6 10. Qd2 Qd7 11. Nd5 fxe4 12. Nxf6+ Bxf6 13. Bxf6 exf3 14. Bxf3 Rxf6 15. Bh1 Raf8 16. b4 d5 17. b5 Nd4 18. c5 Bh3 19. Rfe1 Rxf2 20. Qh6 Rf1+ 0-1

[Event "Ile et Vilaine-ch"]
[White "Collet, Davy"]
[Black "Brieussel, Benoit"]
[Site "Ile et Vilaine"]
[Round "5"]
[Result "1-0"]
[Date "2003.01.25"]
[WhiteElo "1700"]
[BlackElo "1880"]
[PlyCount "111"]
[EventDate "2002.10.19"]
[EventType "swiss"]
[EventRounds "7"]
[EventCountry "FRA"]
[SourceTitle "EXT 2008"]
[Source "ChessBase"]
[SourceDate "2007.11.25"]
[SourceVersion "1"]
[SourceVersionDate "2007.11.25"]
[SourceQuality "1"]

1. c4 Nf6 2. g3 Nc6 3. Bg2 e5 4. Nc3 Bc5 5. a3 a6 6. e3 0-0 7. Nge2 Re8 8. d3 Ne7 9. b4 Ba7 10. 0-0 c6 11. Bb2 d5 12. cxd5 Nexd5 13. Nxd5 cxd5 14. Rc1 Qd6 15. d4 e4 16. h3 Bd7 17. Nc3 Re6 18. f4 exf3 19. Qxf3 Bc6 20. Rcd1 Rae8 21. Bc1 Bb8 22. Qf4 Qe7 23. Qf3 Bd6 24. g4 h6 25. Kh1 Qc7 26. h4 Qe7 27. Qh3 Qd8 28. Rf5 Nxg4 29. Qxg4 Rg6 30. Qh5 Bg3 31. Rdf1 Ree6 32. Rxf7 Ref6 33. R7xf6 Rxf6 34. Rxf6 Qxf6 35. Qf3 Qxh4+ 36. Kg1 Bd6 37. Ne2 Qe1+ 38. Qf1 Qh4 39. Qf2 Qg4 40. Bd2 h5 41. Be1 h4 42. Qf3 Qxf3 43. Bxf3 g5 44. Kg2 Kg7 45. Kh3 Kf6 46. Nc3 Bd7+ 47. Bg4 Bc6 48. Kg2 Bf8 49. Kf3 Bg7 50. Bf2 Ke7 51. e4 dxe4+ 52. Nxe4 Bh6 53. Be3 Kf7 54. Bf5 Bg7 55. Kg4 Ke7 56. Bxg5+ 1-0

[Event "FRA-chT4 0203"]
[White "Bleuzen, Erwan"]
[Black "Collet, Davy"]
[Site "Bretagne"]
[Round "4"]
[Result "1-0"]
[Date "2003.01.19"]
[WhiteElo "1960"]
[BlackElo "1700"]
[PlyCount "104"]
[EventDate "2002.10.??"]
[EventType "team-tourn"]
[EventRounds "7"]
[EventCountry "FRA"]
[SourceTitle "EXT 2007"]
[Source "ChessBase"]
[SourceDate "2006.11.23"]
[SourceVersion "1"]
[SourceVersionDate "2006.11.23"]
[SourceQuality "1"]

1. d4 f5 2. g3 Nf6 3. Bg2 g6 4. Nc3 Bg7 5. Nf3 0-0 6. Bf4 d6 7. 0-0 Qe8 8. Qd3 a6 9. Qc4+ Kh8 10. Qxc7 Nc6 11. Qb6 e5 12. dxe5 dxe5 13. Be3 Nd7 14. Qb3 f4 15. Bb6 Nxb6 16. Qxb6 e4 17. Ng5 fxg3 18. hxg3 Bd4 19. Qc7 Bd7 20. Rad1 Rc8 21. Qd6 Rf6 22. Qa3 e3 23. Nce4 exf2+ 24. Nxf2 Qxe2 25. Nge4 Rxf2 26. Nxf2 Bxf2+ 27. Rxf2 Qxd1+ 28. Kh2 Qh5+ 29. Kg1 Qh6 30. Rf7 Bf5 31. Qc3+ Kg8 32. Rxb7 Ne7 33. Qe5 Qg7 34. Bd5+ Kf8 35. Qxg7+ Kxg7 36. Rxe7+ Kh6 37. c4 Bd3 38. b3 a5 39. Ra7 Rc5 40. Kf2 Bc2 41. Kf3 g5 42. Ra6+ Kg7 43. Kg4 Bd3 44. Rb6 h6 45. Kh5 Bb1 46. a3 Bc2 47. Rb7+ Kf6 48. Kxh6 Rc8 49. Rb6+ Ke5 50. Kxg5 Rf8 51. b4 axb4 52. axb4 Rf3 1-0

[Event "Bretagne tt 0203"]
[White "Collet, Davy"]
[Black "Le Corre, Patrick"]
[Site "Bretagne"]
[Round "1"]
[Result "0-1"]
[Date "2002.10.13"]
[WhiteElo "1670"]
[BlackElo "2000"]
[PlyCount "78"]
[EventDate "2002.??.??"]
[EventType "team-tourn"]
[EventRounds "9"]
[EventCountry "FRA"]
[SourceTitle "EXT 2004"]
[Source "ChessBase"]
[SourceDate "2003.11.25"]
[SourceVersion "1"]
[SourceVersionDate "2003.11.25"]
[SourceQuality "1"]

1. c4 Nf6 2. g3 g6 3. Bg2 Bg7 4. Nc3 c5 5. a3 0-0 6. Rb1 Nc6 7. Nh3 e6 8. 0-0 d5 9. cxd5 exd5 10. d3 h6 11. f4 Re8 12. Nf2 d4 13. Nce4 Qe7 14. Qc2 Bf8 15. Re1 Be6 16. Bd2 Nd5 17. Rbc1 b6 18. b4 f5 19. Nf6+ Qxf6 20. e4 dxe3 21. Bxe3 Nxe3 22. Rxe3 Nd4 23. Qa4 Bb3 24. Qxe8 Rxe8 25. Rxe8 Bf7 26. Ree1 cxb4 27. axb4 Bxb4 28. Re5 Bc5 29. Kf1 Qd6 30. g4 a5 31. gxf5 Nxf5 32. Be4 Qd4 33. Nh3 Ne3+ 34. Kg1 Ng4+ 35. Kh1 Nxe5 36. fxe5 Qe3 37. Rxc5 Qxc5 38. e6 Bxe6 39. Nf4 Qc1+ 0-1

[Event "Plancoet op 2nd"]
[White "Gorge, Eric"]
[Black "Collet, Davy"]
[Site "Plancoet"]
[Round "1.11"]
[Result "1-0"]
[Date "2002.07.27"]
[WhiteElo "2126"]
[BlackElo "1630"]
[PlyCount "75"]
[EventDate "2002.07.23"]
[EventType "swiss"]
[EventRounds "9"]
[EventCountry "FRA"]
[SourceTitle "EXT 2003"]
[Source "ChessBase"]
[SourceDate "2002.11.25"]
[SourceVersion "1"]
[SourceVersionDate "2002.11.25"]
[SourceQuality "1"]

1. e4 d5 2. exd5 Qxd5 3. Nc3 Qd6 4. Nf3 Nf6 5. d4 c6 6. h3 Bf5 7. Ne5 Nbd7 8. Bf4 Nxe5 9. Bxe5 Qb4 10. Qd2 Ne4 11. Nxe4 Qxb2 12. Qc3 Qxc3+ 13. Nxc3 Bxc2 14. Rc1 Bg6 15. d5 f6 16. Bd4 Rd8 17. dxc6 bxc6 18. Bxa7 e5 19. Bc4 Ba3 20. Rd1 Bb4 21. Rc1 Ba3 22. 0-0 Bxc1 23. Rxc1 Kd7 24. Bb6 Rde8 25. a4 Kc8 26. a5 Kb7 27. Na4 Ra8 28. Nc5+ Kb8 29. Rd1 Bf5 30. a6 Bc8 31. Nd7+ Bxd7 32. Rxd7 Re8 33. Rb7+ Kc8 34. Rc7+ Kb8 35. a7+ Rxa7 36. Rxa7 c5 37. Bd5 Kc8 38. Bc6 1-0

[Event "Ile et Vilaine-chA 0001"]
[White "Prioul, Jean"]
[Black "Collet, Davy"]
[Site "Ile et Vilaine"]
[Round "3"]
[Result "1-0"]
[Date "2000.12.02"]
[WhiteElo "1680"]
[BlackElo "1540"]
[PlyCount "148"]
[EventDate "2000.10.21"]
[EventType "swiss"]
[EventRounds "7"]
[EventCountry "FRA"]
[SourceTitle "EXT 2007"]
[Source "ChessBase"]
[SourceDate "2006.11.23"]
[SourceVersion "1"]
[SourceVersionDate "2006.11.23"]
[SourceQuality "1"]

1. d4 f5 2. c4 Nf6 3. Nc3 g6 4. Nf3 Bg7 5. Bd2 0-0 6. e3 d6 7. d5 Na6 8. Qc2 e5 9. dxe6 Bxe6 10. Be2 Qe8 11. 0-0 Bd7 12. Rac1 Nc5 13. Nd4 a6 14. b4 Nce4 15. f3 Nxd2 16. Qxd2 Qe7 17. Bd3 c5 18. Nc2 Be6 19. e4 Nd7 20. exf5 Bxf5 21. Bxf5 Rxf5 22. Nd5 Qf7 23. f4 Nf6 24. Nce3 Rh5 25. g4 Rh4 26. Qf2 Nxd5 27. cxd5 Bd4 28. Qxh4 Bxe3+ 29. Kg2 Qxd5+ 30. Kh3 Bxc1 31. Rxc1 Qd3+ 32. Qg3 Qxg3+ 33. hxg3 cxb4 34. Rc7 Rd8 35. Rxb7 d5 36. Rxb4 d4 37. Rb2 Kf7 38. Kg2 Ke6 39. Kf3 Kd5 40. Rh2 Rd7 41. Rc2 d3 42. Rc8 Kd4 43. Kf2 Re7 44. f5 d2 45. f6 Rf7 46. g5 Ke5 47. Ke2 Rd7 48. Rc5+ Ke4 49. Rc4+ Ke5 50. Kd1 Kf5 51. Rf4+ Ke6 52. Rf2 h6 53. gxh6 Rh7 54. g4 g5 55. f7 Rxf7 56. Rxf7 Kxf7 57. Kxd2 Kg6 58. Kc3 Kxh6 59. Kb4 Kg6 60. Ka5 Kf6 61. Kxa6 Ke5 62. Kb5 Kf4 63. a4 Kxg4 64. a5 Kh3 65. a6 g4 66. a7 g3 67. a8Q g2 68. Qf3+ Kh2 69. Qf2 Kh1 70. Qh4+ Kg1 71. Kc4 Kf1 72. Qf4+ Kg1 73. Kd3 Kh1 74. Qh4+ Kg1 1-0